Pla d'actuació del mandat 2000 - 2003 : aprovat per la Comissió de Govern en data 27 de gener del 2000 / Diputació de Barcelona. Xarxa de Municipis aprovat per la Comissió de Govern en data 27 de gener del 2000 / Diputació de Barcelona. Xarxa de Municipis
Descripción Física:
19 p. ; 21 cm
MARC
| LEADER | 00000nam a2200000Ia 4500 | ||
|---|---|---|---|
| 001 | 12519 | ||
| 008 | 160829s2000 xx 000 0 cat d | ||
| 080 | |a FU-14-35 | ||
| 110 | 1 | |a Barcelona (Catalunya : Província). |b Diputació |9 52408 | |
| 245 | |a Pla d'actuació del mandat 2000 - 2003 : |b aprovat per la Comissió de Govern en data 27 de gener del 2000 / Diputació de Barcelona. Xarxa de Municipis | ||
| 260 | |a Barcelona: |b Diputació de Barcelona, |c 2000 | ||
| 300 | |a 19 p. ; |c 21 cm | ||
| 650 | |a Barcelona. Diputació |x Planificació |x 2000/2003 |9 37898 | ||
| 901 | |a Arxiu | ||
| 942 | |n 1 | ||
| 952 | |0 0 |1 0 |4 0 |6 FU1435 |7 1 |9 48142 |a Arxiu |b Arxiu |d 2016-12-01 |l 0 |o FU-14-35 |p 12519 |r 2016-12-01 00:00:00 |w 2016-12-01 |y ARXIU | ||
| 999 | |c 51945 |d 51945 | ||